| 000 | 00537nam a2200193 u 4500 | ||
|---|---|---|---|
| 005 | 20210223131619.0 | ||
| 008 | 111026s2003 es r 000 0 spa d | ||
| 020 | _a848316700X | ||
| 035 | _aUPN01000182356 | ||
| 049 | _aI | ||
| 050 | 4 |
_aPN3159 E5 _bS6.2 |
|
| 100 | 1 |
_aSolana Pérez, Lucía _931784 |
|
| 245 | 1 | 0 |
_aAires de juego / _cLucía Solana Pérez. |
| 260 |
_aMadrid : _bCCS, _c2003. |
||
| 300 | _a142 p. | ||
| 440 | 0 |
_aGalería del unicornio ; _v17 |
|
| 650 | 4 |
_aTEATRO ESCOLAR E INFANTIL ESPAÑOL _913103 |
|
| 905 | _aInfantil | ||
| 999 |
_c154459 _d154459 |
||